| 000 | 00815nam a2200325Ia 4500 | ||
|---|---|---|---|
| 008 | 170203s9999 xx 000 0 und d | ||
| 020 | _a9780689873430 | ||
| 050 | _aFic | ||
| 050 | _bL775c | ||
| 100 | _aLithgow, John. | ||
| 245 | _aCarnival of the animals / | ||
| 245 | _cby John Lithgow ; illustrated by Boris Kolikov. | ||
| 250 | _a1st ed. | ||
| 260 | _aNew York : | ||
| 260 | _bAladdin Paperbacks, | ||
| 260 | _c2007 | ||
| 300 | _a1 volume (unpaged) : | ||
| 300 | _bcolor illustrations ; | ||
| 300 | _c24 x 28 cm | ||
| 650 | _aAnimals-- | ||
| 650 | _aFieldtrips-- | ||
| 650 | _aImagination-- | ||
| 650 | _aMuseums-- | ||
| 650 | _aStories in rhyme. | ||
| 650 | _xFiction. | ||
| 650 | _xFiction. | ||
| 650 | _xFiction. | ||
| 650 | _xFiction. | ||
| 700 | _aKulikov, Boris, ill. | ||
| 999 |
_c306630 _d306630 |
||